000 00389nam a2200181Ia 4500
005 20240823010957.0
008 240823s9999||||xx |||||||||||||| ||und||
041 _aENGLISH
082 _A600
100 _aRakesh Mittal
245 0 _aGATE SYLLABUS
250 _a1st
260 _b"G K,New D"
500 _aTRANSFERED
650 _aGeneral
_bGeneral
942 _cBK
999 _c160186
_d160186